| 000 | 00684nam a22002057a 4500 | ||
|---|---|---|---|
| 005 | 20251108164142.0 | ||
| 008 | 250721s2001 xx 000 0 ara d | ||
| 082 | 1 | 4 | _aم/213.63/سني |
| 100 | 1 | _aإبن السني، أبو بكر أحمد بن محمد | |
| 245 | 1 | 0 | _aعجالة الراغب المتمني في تخربيج كتاب عمل اليوم و الليلة / |
| 264 | 1 |
_aبيروت : _bدار ابن حزم، _c2001. |
|
| 300 | _a2مج. | ||
| 650 | 1 | 7 | _aالإسلام |
| 650 | 1 | 7 | _aالحديث الشريف |
| 650 | 1 | 7 | _aالذكر |
| 650 | 1 | 7 | _aالأدعية الإسلامية |
| 700 | 1 | _aالهلالي، أسامه | |
| 942 |
_2ddc _cREF |
||
| 999 |
_c4927 _d4927 |
||